000 00659nam a22001937a 4500
005 20140915145153.0
010 _aENG-110813
020 _a9788171327416
_c1050.00
035 _aEN-94345
037 _bDBAD/PUB
082 _a305.800954
245 _aTribal development and management :
_cedited by P. Viswanadha Gupta
_bproblems and empowering strategies /
260 _aJaipur
_bPointer Publishers
_c2013
270 _a807, Vyas Building, Chaura Rasta
_bJaipur
_e302003
300 _axvi,256p.
_c22cm(Hb)
500 _aIncludes bibliographical references and index
700 _aViswanadha Gupta, P.
942 _2ddc
_cEN
_mTRI
_h305.800954
999 _c88501
_d88501